Continuacion de las memorias políticas para escribir la historia del reinado de Isabel II / (Record no. 159743)

MARC details
000 -LEADER
campo de control de longitud fija 00938nam a2200193 i 4500
001 - NÚMERO DE CONTROL
campo de control 159743
003 - IDENTIFICADOR DE NÚMERO DE CONTROL
campo de control ES-MaACL
005 - FECHA Y HORA DE LA ÚLTIMA TRANSACCIÓN
campo de control 20251122063130.0
008 - DATOS DE LONGITUD FIJA--INFORMACIÓN GENERAL
campo de control de longitud fija 970820s1873 sp |||| | spa d
100 1# - ENTRADA PRINCIPAL--NOMBRE DE PERSONA
Nombre de persona Miraflores, Manuel Pando Fernández de Pinedo,
Títulos y otros términos asociados al nombre Marqués de
9 (RLIN) 129966
245 10 - MENCIÓN DEL TÍTULO
Título Continuacion de las memorias políticas para escribir la historia del reinado de Isabel II /
Mención de responsabilidad, etc. por el Marques de Miraflores
Resto del título : comprenden desde el año de 1840 ... hasta el 30 de septiembre de 1868 ...
260 ## - PUBLICACIÓN, DISTRIBUCIÓN, ETC.
Lugar de publicación, distribución, etc. Madrid :
Nombre del editor, distribuidor, etc. [s.n.],
Fecha de publicación, distribución, etc. 1873 (
Fabricante Imp. y Estereotipia de M. Rivadeneyra)
300 ## - DESCRIPCIÓN FÍSICA
Extensión 2 v. ( XLVI, 1519 p. ) ;
Dimensiones 24 cm.
651 #4 - PUNTO DE ACCESO ADICIONAL DE MATERIA--NOMBRE GEOGRÁFICO
Nombre geográfico España-
Subdivisión general Historia-
Subdivisión cronológica 1840-1843, Regencia de Espartero.
9 (RLIN) 167869
651 #4 - PUNTO DE ACCESO ADICIONAL DE MATERIA--NOMBRE GEOGRÁFICO
Nombre geográfico España-
Subdivisión general Historia-
Subdivisión geográfica 1843-1868, Isabel II
9 (RLIN) 8256
740 02 - ENTRADA AGREGADA--TÍTULO RELACIONADO/ANALÍTICO NO CONTROLADO
Título relacionado o analítico no controlado Memorias políticas para escribir la historia del reinado de Isabel II.
852 ## - LOCALIZACIÓN
Ubicación ES-MaACL
Número de control de estantería G-5312-13
Nota libre - Enc. hol.
Holdings
Estatus retirado Estado de pérdida Estado de daño No para préstamo Colección Biblioteca de origen Biblioteca actual Ubicación en estantería Fecha de adquisición Total de préstamos Signatura topográfica completa Código de barras Visto por última vez Precio de reemplazo Tipo de ítem Koha
        Libros del s. XIX Biblioteca del Ateneo de Madrid Biblioteca del Ateneo de Madrid Depósito 2 17/01/2008   G-5312-13 1167232 23/02/2023 23/02/2023 Libro impreso antiguo